000 00877nam a22002297a 4500
003 OSt
005 20130604114620.0
008 130604s2010 sp ||||| |||| 00| 0 cat d
020 _a9788492542390
040 _cCDMR
245 0 0 _aDiari d'una postguerra
_b: La Vanguardia Española (1939-1944)
_cRafael Aracil, Andreu Mayayo, Antoni Segura (eds.)
260 _aCatarroja (Barcelona)
_bAfers
_c2010
490 0 _aRecerca i pensament
_v58
500 _aEstudi dins del grup de recerca "El franquisme a catalunya: institucionalització del règim i organització de l'oposició (1938-1979) (2)"
610 2 _91150
_aLa Vanguardia (Diari)
_xHistòria
_y1939-1946
650 0 4 _93312
_aFranquisme
650 0 4 _93166
_aCatalunya
_xHistòria
_y1939-1946
700 1 _93648
_aAracil, Rafael
700 1 _93649
_aMayayo, Andreu
700 1 _93650
_aSegura, Antoni
_e(eds.)
942 _2udc
_cMON
999 _c6395
_d6395